LEADER 00759nam0-22002771i-450- 001 990000044820403321 035 $a000004482 035 $aFED01000004482 035 $a(Aleph)000004482FED01 035 $a000004482 100 $a20011111d--------km-y0itay50------ba 101 0 $aita 105 $ay-------001yy 200 1 $aEUROPE$fpreface by Adrien Lachenal. 210 $aGeneva$cNagel publishers$d1956 215 $aXXXII, 1019 p.$cill., tav, 128 c. geogr. 16 cm 225 1 $a<>Nagel travel guide series 610 0 $aEuropa$aGuide turistiche 676 $a914.04 801 0$aIT$bUNINA$gRICA$2UNIMARC 901 $aBK 912 $a990000044820403321 952 $a13 G 52 31$b21727$fFINBC 959 $aFINBC 997 $aUNINA DB $aING01 LEADER 01012nam0 22002771i 450 001 UON00347322 005 20231205104325.934 010 $a35-18-37809-0 100 $a20091124d1987 |0itac50 ba 101 $ager 102 $aDE 105 $a|||| 1|||| 200 1 $aStücke$fMartin Walser 210 $aFrankfurt am Main$cSuhrkamp$d1987 215 $a595 p.$d18 cm. 410 1$1001UON00172937$12001 $aSuhrkamp Taschenbuch$1210 $aFrankfurt am Main$cSuhrkamp$v1309 620 $aDE$dFrankfurt am Main$3UONL003175 676 $a833.91$cNarrativa tedesca, 1900-1990$v21 700 1$aWALSER$bMartin$3UONV116548$0132578 712 $aSuhrkamp$3UONV260759$4650 801 $aIT$bSOL$c20240220$gRICA 899 $aSIBA - SISTEMA BIBLIOTECARIO DI ATENEO$2UONSI 912 $aUON00347322 950 $aSIBA - SISTEMA BIBLIOTECARIO DI ATENEO$dSI TED 26 I WAL 12 $eSI LO 39638 5 12 996 $aStücke$91359338 997 $aUNIOR